Statistics for Newcastle United starting line up

Click here to take the quiz!

General Stats

  • This quiz has been taken 602 times
    (599 since last reset)
  • The average score is 9 of 12

Answer Stats

HintAnswer% Correct
GKTim Krul
96%
FORDemba Ba
92%
FORPapiss Cisse
89%
DEFSteven Taylor
83%
MANAlan Pardew
78%
MIDYohan Cabaye
78%
DEFFabricio Coloccini
72%
MIDCheick Tiote
69%
DEFDavide Santon
69%
MIDHatem Ben Arfa
68%
DEFDanny Simpson
56%
MIDJonas
24%

Score Distribution

Percentile by Number Answered

Percent of People with Each Score

Your Score History

You have not taken this quiz since the last reset